000 00621nam a2200265Ia 4500
005 20260306164117.0
008 008 260114s9999 xx 000 0 eng d
020 _a9781474435024
037 _aEBOOK
040 _aCRL
040 _beng
040 _cCRL
041 _2eng
041 _aeng
084 _qCRL
100 _aVan Lit
_91130018
245 4 _aThe World Of Image In Islamic Philosophy
260 _bEdinburgh University Press
260 _c2018
650 _aPhilosophy
856 _uhttps://academic.oup.com/book/22173
942 _cEBOOK
999 _c1712790
_d1712790